000 00678nam a2200229Ia 4500
003 OSt
005 20220923212447.0
006 a|||||r|||| 00| 0
007 ta
008 220922b |||||||| |||| 00| 0 hin d
024 _a153,190
037 _cTextual
040 _aARTS
_cARTS
_bhin
041 _2hin
_ahin
082 _aO142:3M68:16, 152K3
100 _aगोर्की, म0
_9162506
245 0 _aमां भाग 1, मुनीश सक्सेना अनु
246 _aMāan bhāg 1, munīsh saksenā anu0
260 _c1963
942 _hO142:3M68:16, 152K3
_cTEXL
_2CC
999 _c308838
_d308838